|
003 -Nazwa inst., której nr kontr. jest w polu 001 [,]
|
-
- @
- Nazwa instytucji, której n kontrolny jest w polu 001
- NUKAT
|
|
005 -DATA I CZAS OSTATNIEJ MODYFIKACJI [,]
|
-
- @
- pole kontrolne
- 20241231095717.0
|
|
020 -Międzynarod. znormalizowany nr książki - ISBN [ , ]
|
-
- a
- Numer ISBN
- 9788376664484
|
|
020 -Międzynarod. znormalizowany nr książki - ISBN [ , ]
|
-
- a
- Numer ISBN
- 9788376664682
-
|
|
040 -Instytucja sporządzająca opis [ , ]
|
-
- a
- Instytucja, która sporządziła opis (NP)
- SZCZ M/MK
-
- c
- Instytucja, która sporządziła rekord (NP)
- SZCZ M/MK
-
- d
- Instytucja, która zmodyfikowała rekord (P)
- WA M/LA
-
- d
- Instytucja, która zmodyfikowała rekord (P)
- WR U/MBs
-
- d
- Instytucja, która zmodyfikowała rekord (P)
- WA 14/MBs
|
|
942 -Rodzaj dokumentu [ , ]
|
-
- c
- Rodzaj dokumentu
- Książka
|
|
245 -Strefa tytułu i oznaczenia odpowiedzialności [1,0]
|
-
- a
- Tytuł
- Konstytucja Rzeczypospolitej Polskiej :
-
- b
- Ciąg dalszy tytułu (NP)
- Komentarz.
-
- n
- Oznaczenie części (P)
- 2,
-
- p
- Nazwa części (P)
- Art. 30-86 /
-
- c
- Pozostałe elementy strefy tytułu i oznaczenia odpowiedzialności (NP)
- autorzy: Marta Derlatka, Kazimierz Działocha, Leszek Garlicki, Sylwia Jarosz-Żukowska, Agnieszka Łukaszczuk, Paweł Sarnecki, Wojciech Sokolewicz, Janusz Trzciński, Marcin Wiącek, Krzysztof Wojtyczek, Marek Zubik ; redaktorzy naukowi: Leszek Garlicki, Marek Zubik.
|
|
250 -Strefa wydania [ , ]
|
-
- a
- Oznaczenie wydania (NP)
- Wyd. 2 popr. i uzup., stan prawny i stan doktryny i orzecznictwa na dzień 1 stycznia 2016 r.
|
|
260 -Strefa adresu wydawniczego [ , ]
|
-
- a
- Miejsce wydania (P)
- Warszawa :
-
- b
- Nazwa wydawcy (P)
- Wydawnictwo Sejmowe,
-
|
|
700 -Hasło dodatkowe - nazwa osobowa [1, ]
|
-
- a
- Nazwa osobowa (NP)
- Działocha, Kazimierz
-
- d
- Daty biograficzne (NP)
- (1932-2024).
-
|
|
700 -Hasło dodatkowe - nazwa osobowa [1, ]
|
-
- a
- Nazwa osobowa (NP)
- Garlicki, Leszek
-
- d
- Daty biograficzne (NP)
- (1946- ).
-
|
|
700 -Hasło dodatkowe - nazwa osobowa [1, ]
|
-
- a
- Nazwa osobowa (NP)
- Sarnecki, Paweł
-
- d
- Daty biograficzne (NP)
- (1939-2016).
-
|
|
700 -Hasło dodatkowe - nazwa osobowa [1, ]
|
-
- a
- Nazwa osobowa (NP)
- Sokolewicz, Wojciech
-
- d
- Daty biograficzne (NP)
- (1931-2012).
-
|
|
700 -Hasło dodatkowe - nazwa osobowa [1, ]
|
-
- a
- Nazwa osobowa (NP)
- Trzciński, Janusz
-
- d
- Daty biograficzne (NP)
- (1942- ).
-
|
|
700 -Hasło dodatkowe - nazwa osobowa [1, ]
|
-
- a
- Nazwa osobowa (NP)
- Wiącek, Marcin
-
- d
- Daty biograficzne (NP)
- (1982- ).
-
|
|
700 -Hasło dodatkowe - nazwa osobowa [1, ]
|
-
- a
- Nazwa osobowa (NP)
- Zubik, Marek
-
- d
- Daty biograficzne (NP)
- (1974- ).
-
|
|
700 -Hasło dodatkowe - nazwa osobowa [1, ]
|
-
- a
- Nazwa osobowa (NP)
- Jarosz-Żukowska, Sylwia
-
- d
- Daty biograficzne (NP)
- (1974- ).
-
|
|
700 -Hasło dodatkowe - nazwa osobowa [1, ]
|
-
- a
- Nazwa osobowa (NP)
- Łukaszczuk, Agnieszka.
-
|
|
700 -Hasło dodatkowe - nazwa osobowa [1, ]
|
-
- a
- Nazwa osobowa (NP)
- Wojtyczek, Krzysztof
-
- d
- Daty biograficzne (NP)
- (1968- ).
-
|
|
710 -Hasło dodatkowe - nazwa ciała zbiorowego [2, ]
|
-
- a
- Nazwa ciała zbiorowego lub nazwa geograficzna jako pierwszy element (NP)
- Wydawnictwo Sejmowe.
-
-
|